00554cas a2200145 4500008004100000022001300041035002000054050001500074245003400089260006400123310001600187362004800203520014400251650001300395150826n eng u a12250368 a(Sirsi) a191794 aKJ1.K6S6J6 aKorean Social Science Journal aSeoul b The Korean Social Science Research Council c 2002 aBi-annually aVol. 29, No. 2, 2002 - Vol. 31, No. 1, 2004 aIt comprises articles in social science research activities in political, economic, cultural and educational problems in comtemporary Korea aResearch